| 000 | 00827nam a2200241Ia 4500 | ||
|---|---|---|---|
| 003 | GCL | ||
| 005 | 20240530105119.0 | ||
| 008 | 140319s9999 xx 000 0 ara d | ||
| 040 |
_aGCL / _cGCL |
||
| 082 | 0 | 4 |
_a252.2 _bت.م |
| 100 | 1 | _aتوفيق علوان | |
| 245 | 1 | 0 |
_aمعجزة الصلاة فى الوقاية من مرض دوالى الساقين / _cتوفيق علوان |
| 260 |
_a[S.N] : _bدار الوفاء للطباعة والنشر والتوزيع ، _c1988 |
||
| 300 | _a210 ص | ||
| 650 | 0 | 4 | _aالصلاة |
| 650 | 0 | 4 | _aالسرقات الاوروبية للاكتشافات الجراحية الاسلامية |
| 650 | 0 | 4 | _aدوالى الساقين |
| 650 | 0 | 4 | _aالصحة العامة |
| 650 | 0 | 4 | _aعبادات |
| 650 | 0 | 4 | _aالطهارة |
| 650 | 0 | 4 | _aالوضوء |
| 942 |
_2ddc _cBK |
||
| 999 |
_c53269 _d53269 |
||